Statistics for Famous Landmarks #3

Click here to take the quiz!

General Stats

  • This quiz has been taken 48 times
  • The average score is 9 of 15

Answer Stats

Answer% Correct
Mount Fuji
89%
Machu Picchu
83%
The Little Mermaid
83%
The Pentagon
83%
Tower Bridge
77%
Uluru
77%
Angel Falls
66%
Notre Dame
63%
Terracotta Warriors
60%
The Freedom Tower
54%
The Great Buddha
49%
The Three Gorges Dam
29%
Hoover Dam
26%
The Eden Project
17%
Ajanta Caves
6%

Score Distribution

Percentile by Number Answered

Percent of People with Each Score

Your Score History

You have not taken this quiz